Business Math Brief (Record no. 21873)
[ view plain ]
| 000 -LEADER | |
|---|---|
| fixed length control field | 00484nam a22001937a 4500 |
| 005 - DATE AND TIME OF LATEST TRANSACTION | |
| control field | 20251127083456.0 |
| 008 - FIXED-LENGTH DATA ELEMENTS--GENERAL INFORMATION | |
| fixed length control field | 230815b |||||||| |||| 00| 0 eng d |
| 020 ## - INTERNATIONAL STANDARD BOOK NUMBER | |
| International Standard Book Number | 978-1-29203-981-7 |
| 082 ## - DEWEY DECIMAL CLASSIFICATION NUMBER | |
| Classification number | 650.01513 |
| 100 ## - MAIN ENTRY--PERSONAL NAME | |
| Personal name | Cleaves, Cheryl |
| 245 ## - TITLE STATEMENT | |
| Title | Business Math Brief |
| 250 ## - EDITION STATEMENT | |
| Edition statement | 10th ed |
| 260 ## - PUBLICATION, DISTRIBUTION, ETC. | |
| Place of publication, distribution, etc. | Harlow: |
| Name of publisher, distributor, etc. | Pearson, |
| Date of publication, distribution, etc. | 2014 |
| 300 ## - PHYSICAL DESCRIPTION | |
| Extent | 660p.: |
| Other physical details | ill.; 27cm. |
| 500 ## - GENERAL NOTE | |
| General note | Include Index |
| 700 ## - ADDED ENTRY--PERSONAL NAME | |
| Personal name | Hobies, Margie |
| 700 ## - ADDED ENTRY--PERSONAL NAME | |
| Personal name | Noble, Jeffrey |
| 942 ## - ADDED ENTRY ELEMENTS (KOHA) | |
| Source of classification or shelving scheme | Dewey Decimal Classification |
| Koha item type | Books |
| Suppress in OPAC | No |
| Withdrawn status | Lost status | Source of classification or shelving scheme | Damaged status | Not for loan | Collection code | Home library | Current library | Shelving location | Date acquired | Source of acquisition | Total Checkouts | Full call number | Barcode | Date last seen | Date last checked out | Price effective from | Koha item type |
|---|---|---|---|---|---|---|---|---|---|---|---|---|---|---|---|---|---|
| Dewey Decimal Classification | Non-fiction | Geita Campus | Geita Campus | Geita Campus Library | 08/15/2023 | Purchase | 2 | 650.01513 CLE | 0000023778 | 04/22/2024 | 04/17/2024 | 08/15/2023 | Books | ||||
| Dewey Decimal Classification | Non-fiction | IFM Dodoma Campus Library | IFM Dodoma Campus Library | Dodoma Center | 08/15/2023 | Purchase | 650.01513 CLE | 0000023780 | 08/17/2023 | 08/15/2023 | Books | ||||||
| Dewey Decimal Classification | Non-fiction | IFM Main Campus Library | IFM Main Campus Library | Special Reserve Collection | 08/24/2023 | Purchase | 650.01513 CLE | 0000023776 | 08/24/2023 | 08/24/2023 | Books | ||||||
| Dewey Decimal Classification | Non-fiction | IFM Main Campus Library | IFM Main Campus Library | General Collection | 08/25/2023 | Purchase | 650.01513 CLE | 0000023775 | 08/25/2023 | 08/15/2023 | Books | ||||||
| Dewey Decimal Classification | Non-fiction | IFM Mwanza Campus | IFM Mwanza Campus | Mwanza Teaching Center | 08/15/2023 | Purchase | 650.01513 CLE | 0000023773 | 08/16/2023 | 08/15/2023 | Books | ||||||
| Dewey Decimal Classification | Non-fiction | IFM Simiyu Campus Library | IFM Simiyu Campus Library | Simiyu Campus | 08/17/2023 | Purchase | 650.01513 CLE | 0000023777 | 08/17/2023 | 08/15/2023 | Books |
